000 00733nam a2200205Ii 4500
003 JO-AjNU
008 230605s9999||||xx |||||||||||||| ||und||
017 _a2013/4/1040
040 _aJO-AjNU
_bara
_erda
_cJO-AjNU
041 _aara
050 1 4 _aLB1043.S52 2013
100 3 _aالشلبي، جمال,
_eauthor
_949718
245 0 0 _aالإعلام والتعليم في الأردن في ظل العولمة
264 3 1 _aعمان:وزاررة الثقافة،2013
300 _a183ص
_bفهرس الأعلام:ص(173-180)
336 _atext
_btxt
_2rdacontent
337 _aunmediated
_bn
_2rdamedia
338 _avolume
_bnc
_2rdacarrier
650 4 _aالتعليم-الأردن-العولمة-وسائل الإعلام
_949719
999 _aA21854
_c25422
_d25422